01385nam a2200289Ia 4500001001200000003000800012006001900020007001500039008004100054020001500095040002100110035002000131050002500151245032000176246004800496260005500544300002300599504003900622533015200661650002500813650003000838650003800868655002900906710001700935856012600952999001701078ebr10068390CaPaEBRm u cr cn|||||||||011106s2000 dcua sb 000 0 eng d z0309070481 aCaPaEBRcCaPaEBR a(OCoLC)8503565514aTA658.2b.B58 2000eb00aBlast mitigation for structuresh[electronic resource] :b1999 status report on the DTRA/TSWG Program /cCommittee for Oversight and Assessment of Blast Effects and Related Research, Board on Infrastructure and the Constructed Environment, Commission on Engineering and Technical Systems, National Research Council.31a1999 status report on the DTRA/TSWG Program aWashington, DC. :bNational Academy Press,cc2000. axii, 73 p. :bill. aIncludes bibliographic references. aElectronic reproduction.bPalo Alto, Calif. :cebrary,d2009.nAvailable via World Wide Web.nAccess may be limited to ebrary affiliated libraries. 0aBuilding, Bombproof. 0aBuildingsxBlast effects. 0aStructural analysis (Engineering) 7aElectronic books.2local2 aebrary, Inc.40uhttp://site.ebrary.com/lib/rucke/Doc?id=10068390zAn electronic book accessible through the World Wide Web; click to view c28341d28341